<?xml version="1.0" encoding="UTF-8"?>
<collection xmlns="http://www.loc.gov/MARC21/slim">
<record>
  <controlfield tag="001">163983</controlfield>
  <controlfield tag="005">20251118115727.0</controlfield>
  <datafield tag="037" ind1=" " ind2=" ">
    <subfield code="a">TESIS-2025-331</subfield>
  </datafield>
  <datafield tag="041" ind1=" " ind2=" ">
    <subfield code="a">spa</subfield>
  </datafield>
  <datafield tag="100" ind1="1" ind2=" ">
    <subfield code="a">Rabasedas Catalán, María Laura</subfield>
  </datafield>
  <datafield tag="245" ind1="0" ind2="0">
    <subfield code="a">Medición y evaluación de la Economía Circular en empresas agroalimentarias de Argentina: una propuesta desde la contabilidad de gestión </subfield>
  </datafield>
  <datafield tag="260" ind1=" " ind2=" ">
    <subfield code="a">Zaragoza</subfield>
    <subfield code="b">Universidad de Zaragoza, Prensas de la Universidad</subfield>
    <subfield code="c">2025</subfield>
  </datafield>
  <datafield tag="300" ind1=" " ind2=" ">
    <subfield code="a">238</subfield>
  </datafield>
  <datafield tag="490" ind1="0" ind2=" ">
    <subfield code="a">Tesis de la Universidad de Zaragoza</subfield>
    <subfield code="x">2254-7606</subfield>
    <subfield code="v">2025-330</subfield>
  </datafield>
  <datafield tag="500" ind1=" " ind2=" ">
    <subfield code="a">Presentado:  16 09 2025</subfield>
  </datafield>
  <datafield tag="502" ind1=" " ind2=" ">
    <subfield code="a">Tesis-Univ. Zaragoza,  , 2025</subfield>
    <subfield code="b">Zaragoza, Universidad de Zaragoza</subfield>
    <subfield code="c">2025</subfield>
  </datafield>
  <datafield tag="520" ind1=" " ind2=" ">
    <subfield code="a">La transición hacia modelos productivos más sostenibles ha cobrado relevancia en los últimos años, especialmente en sectores con alto impacto ambiental como el agroalimentario. En este contexto, la Economía Circular (EC) se presenta como un enfoque clave para optimizar el uso de recursos, reducir residuos y mejorar la eficiencia. Sin embargo, su adopción en las empresas agroalimentarias de economías emergentes requiere herramientas de medición y gestión que permitan evaluar su implementación y facilitar la toma de decisiones estratégicas. Por tanto, la presente tesis doctoral busca analizar los enfoques de investigación existentes, evaluar el grado de implementación de estrategias circulares y diseñar herramientas contables que faciliten su adopción en el contexto estudiado.&lt;br />En el primer capítulo, se realiza una revisión sistemática de la literatura sobre EC en el sector agroalimentario, enfocándose en la investigación en gestión y contabilidad en América Latina. Mediante el análisis de 60 artículos académicos seleccionados, se identifican cuatro áreas clave: evaluación y desempeño de la EC, modelos de negocio y estrategias, vías de adopción y transición, e información y reportes. Asimismo, se identifican brechas que deben ser abordadas para facilitar su implementación.&lt;br />El segundo capítulo evalúa desde la teoría institucional, el grado de internalización de la EC en empresas agroalimentarias argentinas y la generación de información circular. Se realiza un estudio exploratorio basado en 210 encuestas, analizando estrategia, prácticas y divulgación de información circular. Aunque los resultados muestran niveles de adopción relativamente bajos, existe una fuerte influencia de factores institucionales. &lt;br />El tercer capítulo examina desde la teoría basada en recursos, la relación entre la información circular, la estrategia de EC y el desempeño en empresas agroalimentarias argentinas. Se emplea un modelo de ecuaciones estructurales (PLS-SEM) sobre datos de 238 organizaciones. Los resultados indican que una estrategia de EC basada en recursos mejora el desempeño ambiental y económico, y que la información circular tiene un efecto indirecto positivo al fortalecer dichas estrategias.&lt;br />El cuarto capítulo desarrolla un Cuadro de Mando Integral Circular (CMIC) adaptado al sector agroalimentario en economías emergentes, incluyendo una base de datos de estrategias e indicadores de EC (CESIDA). Desde una revisión sistemática, se construye un marco que permite definir estrategias y seleccionar indicadores para monitorear el éxito en la implementación de la EC. Se presenta como una herramienta de gestión práctica y teóricamente fundamentada.&lt;br />Finalmente, el quinto capítulo valida empíricamente la aplicación del CMIC en una empresa agroalimentaria argentina mediante un estudio de caso con enfoque intervencionista. Se demuestra que el CMIC facilita la toma de decisiones estratégicas alineadas con la EC, identificando indicadores clave y ayudando al establecimiento de metas enfocadas, demostrando su efectividad como herramienta de gestión del desempeño circular.&lt;br />La tesis concluye con una reflexión sobre la importancia de integrar la EC en la contabilidad de gestión, resaltando implicaciones prácticas, limitaciones y futuras líneas de investigación. Se enfatiza la necesidad de desarrollar modelos de medición adaptados a sectores específicos para fomentar la transición hacia un sistema agroalimentario más sostenible en clave a la EC. &lt;br /></subfield>
  </datafield>
  <datafield tag="506" ind1=" " ind2=" ">
    <subfield code="a">by-nc</subfield>
    <subfield code="b">Creative Commons</subfield>
    <subfield code="c">3.0</subfield>
    <subfield code="u">http://creativecommons.org/licenses/by-nc/3.0/es</subfield>
  </datafield>
  <datafield tag="520" ind1=" " ind2=" ">
    <subfield code="a">&lt;br /></subfield>
  </datafield>
  <datafield tag="521" ind1=" " ind2=" ">
    <subfield code="9">7087</subfield>
    <subfield code="a">Programa de Doctorado en Contabilidad y Finanzas</subfield>
  </datafield>
  <datafield tag="653" ind1="1" ind2=" ">
    <subfield code="a">contabilidad social</subfield>
  </datafield>
  <datafield tag="653" ind1="1" ind2=" ">
    <subfield code="a">contabilidad financiera</subfield>
  </datafield>
  <datafield tag="653" ind1="1" ind2=" ">
    <subfield code="a">sector agroalimentario</subfield>
  </datafield>
  <datafield tag="653" ind1="1" ind2=" ">
    <subfield code="a">países en vía de desarrollo</subfield>
  </datafield>
  <datafield tag="700" ind1=" " ind2=" ">
    <subfield code="a">Moneva Abadía, José Mariano </subfield>
    <subfield code="e">dir.</subfield>
  </datafield>
  <datafield tag="710" ind1="2" ind2=" ">
    <subfield code="a">Universidad de Zaragoza</subfield>
    <subfield code="b"> </subfield>
  </datafield>
  <datafield tag="830" ind1=" " ind2=" ">
    <subfield code="9">499</subfield>
  </datafield>
  <datafield tag="856" ind1="0" ind2=" ">
    <subfield code="f">cdeurop@unizar.es</subfield>
  </datafield>
  <datafield tag="856" ind1="4" ind2=" ">
    <subfield code="u">http://zaguan.unizar.es/record/163983/files/TESIS-2025-331.pdf</subfield>
    <subfield code="z">info:eu-repo/date/embargoEnd/2027-09-16</subfield>
    <subfield code="s">6338608</subfield>
  </datafield>
  <datafield tag="909" ind1="C" ind2="O">
    <subfield code="o">oai:zaguan.unizar.es:163983</subfield>
    <subfield code="p">driver</subfield>
    <subfield code="p">tesis</subfield>
  </datafield>
  <datafield tag="910" ind1="2" ind2=" ">
    <subfield code="a">Ciencias Sociales y jurídicas</subfield>
    <subfield code="b"> </subfield>
  </datafield>
  <datafield tag="691" ind1=" " ind2=" ">
    <subfield code="a">11 12 13</subfield>
  </datafield>
  <datafield tag="692" ind1=" " ind2=" ">
    <subfield code="a">Conseguir que las ciudades y los asentamientos humanos sean inclusivos, seguros, resilientes y sostenibles. Garantizar las pautas de consumo y de producción sostenibles.	 Tomar medidas urgentes para combatir el cambio climático y sus efectos.	</subfield>
  </datafield>
  <datafield tag="540" ind1=" " ind2=" ">
    <subfield code="9">info:eu-repo/semantics/embargoedAccess</subfield>
  </datafield>
  <datafield tag="980" ind1=" " ind2=" ">
    <subfield code="a">TESIS</subfield>
  </datafield>
</record>
</collection>